Guess the 1970s song lyrics #142 - Statistics

General Stats
  • This quiz has been taken 17 times
  • The average score is 175 of 244
Answer Stats
Answer % Correct
I
100%
the
100%
want
100%
you
100%
love
93%
if
87%
If
87%
in
87%
is
87%
me
87%
my
87%
My
87%
no
87%
on
87%
times
87%
to
87%
your
80%
And
73%
ceiling
73%
gonna
73%
Knock
73%
know
73%
Oh
73%
pipe
73%
that
73%
there
73%
three
73%
ain't
67%
answer
67%
can
67%
darling
67%
don't
67%
how
67%
How
67%
Twice
67%
Come
60%
girl
60%
hallway
60%
hear
60%
Hey
60%
meet
60%
One
60%
you'll
60%
did
53%
Means
53%
night
53%
only
53%
out
53%
show
53%
above
47%
doing
47%
down
47%
even
47%
every
47%
heart
47%
live
47%
music
47%
playing
47%
that's
47%
tonight
47%
us
47%
with
47%
alone
40%
below
40%
dreams
40%
feel
40%
floor
40%
look
40%
many
40%
while
40%
between
33%
body
33%
ceiling
33%
right
33%
saw
33%
swaying
33%
sweetness
33%
wall
33%
window
33%
pipe
27%
Pull
27%
whatcha
27%
adored
20%
apart
20%
attached
20%
Dancin
20%
note
20%
Read
20%
silence
20%
string
20%
ceiling
13%
No matching quizzes found
Score Distribution
Percent of People with Each Score
Percentile by Number Answered
Your Score History
You have not taken this quiz